GT nguyên lý kế toán

Sparad:
Bibliografiska uppgifter
Huvudupphovsman: Phạm thành trung-Trần văn thuận
Materialtyp: Bok
Språk:Vietnamese
Publicerad: Giáo dục VN 2013
Taggar: Lägg till en tagg
Inga taggar, Lägg till första taggen!
Thư viện lưu trữ: Mạng thư viện Đại học Đà Nẵng
LEADER 00638nam a2200277 4500
001 000026483
003 51
005 20150204120000.0
008 150204s vm 000 vie
020 |c 36000,0000 
040 |a D5 
100 |a Phạm thành trung-Trần văn thuận 
245 |a GT nguyên lý kế toán 
260 |b Giáo dục VN  |c 2013 
300 |a 191tr. ; 
OWN |a LTT 
999 |a From the UDN01 
TYP |a Monograph 
TYP |a Printed language 
980 |a Mạng thư viện Đại học Đà Nẵng